000
00347 a2200157 4500
001
55142
020
_a
040
_c
Anchieta - Pituba
100
_a
MARQUES FILHO, Octamar Pinto
240
1
0
_a
2ª Matemática, I unidade
_l
por
245
1
0
_a
2ª Matemática, I unidade
300
_a
3
362
0
_a
2017
650
4
_a
Matemática
942
_c
BK
999
_c
55142
_d
55142